The manager's guide to distribution channels / (Record no. 296)

MARC details
000 -LEADER
fixed length control field 00673nam a2200217 a 4500
001 - CONTROL NUMBER
control field 296
005 - DATE AND TIME OF LATEST TRANSACTION
control field 20221127085915.0
008 - FIXED-LENGTH DATA ELEMENTS--GENERAL INFORMATION
fixed length control field 050920s lxxua 00100 eng d
020 ## - INTERNATIONAL STANDARD BOOK NUMBER
International Standard Book Number 0071428682(hpb) :
Terms of availability SR160.00
035 ## - SYSTEM CONTROL NUMBER
System control number 309
082 04 - DEWEY DECIMAL CLASSIFICATION NUMBER
Classification number 658.87
Item number G65 2004
100 1# - MAIN ENTRY--PERSONAL NAME
Personal name Gorchels, Linda.
245 14 - TITLE STATEMENT
Title The manager's guide to distribution channels /
Statement of responsibility, etc. Linda Gorchels, Edward Marien, Chuck West.
260 ## - PUBLICATION, DISTRIBUTION, ETC.
Place of publication, distribution, etc. New York :
Name of publisher, distributor, etc. McGraw-Hill,
Date of publication, distribution, etc. 2004.
300 ## - PHYSICAL DESCRIPTION
Extent xii, 225 p. :
Other physical details ill. ;
Dimensions 23 cm.
500 ## - GENERAL NOTE
General note Includes index.
650 #4 - SUBJECT ADDED ENTRY--TOPICAL TERM
Topical term or geographic name entry element Marketing channels.
650 #4 - SUBJECT ADDED ENTRY--TOPICAL TERM
Topical term or geographic name entry element Marketing
General subdivision Management.
700 1# - ADDED ENTRY--PERSONAL NAME
Personal name Marien, Edward J.,
Relator term jt. auth.
700 1# - ADDED ENTRY--PERSONAL NAME
Personal name West, Chuck,
Relator term jt. auth.
Holdings
Withdrawn status Lost status Source of classification or shelving scheme Damaged status Not for loan Home library Current library Date acquired Total Checkouts Full call number Barcode Date last seen Copy number Price effective from Koha item type
              11/27/2022   658.87 G65 2004 1000000006102 11/27/2022 C4 11/27/2022 Book
          CENTRAL CENTRAL 11/27/2022   658.87 G65 2004 1000000001208 11/27/2022 C1 11/27/2022 Book
          CENTRAL CENTRAL 11/27/2022   658.87 G65 2004 1000000003676 11/27/2022 C3 11/27/2022 Book
          KHOBAR KHOBAR 11/27/2022   658.87 G65 2004 1000000001209 11/27/2022 C2 11/27/2022 Book